Города по Фото — И - Statistics

General Stats
  • This quiz has been taken 28 times
  • The average score is 6 of 16
Answer Stats
Picture Hint Answer % Correct
Страна: Пакистан Исламабад
89%
Иркутск
74%
Ижевск
74%
Иерусалим
68%
Иваново
58%
Индианаполис
53%
Инсбрук
42%
Ибица
42%
Иокогама
37%
Иннополис
37%
Измир
26%
Ираклион
0%
Исфахан
0%
Ипох
0%
Искья
0%
Икитос
0%
No matching quizzes found
Score Distribution
Percent of People with Each Score
Percentile by Number Answered
Your Score History
You have not taken this quiz